Compendio de química moderna /

Guardado en:
Autor Principal: Celsi, Santiago A.
Otros Autores: Iacobucci, Alberto D.
Formato: Libro
Publicado: Buenos Aires : Kapelusz, 1960
Edición:10a. ed.
Materias:
Etiquetas: Agregar Etiqueta
Sin Etiquetas, Sea el primero en etiquetar este registro!
LEADER 00669nam a22002295a 4500
001 CEM.cems001522
005 20060214000000.0
008 130507s1960##################000#0#####d
003 CEMS
082 0 4 |a 540 
100 1 |a Celsi, Santiago A. 
245 1 0 |a Compendio de química moderna / 
250 |a 10a. ed. 
260 |a Buenos Aires :  |b Kapelusz,  |c 1960 
300 |a 482 p. 
653 |a Quimica 
653 |a Quimica general 
653 |a Quimica inorganica 
653 |a Quimica inorganica-experimento 
700 1 |a Iacobucci, Alberto D. 
859 |a CEMS  |b BIB. CEMS - 11 de abril  |h 540  |i C33  |p 1314.74  |t Ej.1 
859 |a CEMS  |b BIB. CEMS - 11 de abril  |h 540  |i C33  |p 1757.74  |t Ej.2